[Event "Sao Paulo Montenegro U1600 3rd"]
[Site "Sao Paulo"]
[Date "2020.01.25"]
[Round "1"]
[White "Miranda, Leticia Nunes"]
[Black "Gomes, Joao Paulo Santos"]
[Result "0-1"]
[WhiteElo "1800"]
[BlackElo "1521"]
[PlyCount "64"]
[EventDate "2020.01.25"]
[EventType "tourn"]
[EventRounds "9"]
[EventCountry "BRA"]
[SourceTitle "CBM 194 Extra"]
[Source "ChessBase"]
[SourceDate "2020.03.31"]
[SourceVersion "1"]
[SourceVersionDate "2020.03.31"]
[SourceQuality "1"]

1. e4 c5 2. Bc4 d6 3. Nc3 Nf6 4. d3 Nc6 5. f4 e6 6. Nf3 Be7 7. 0-0 0-0 8. Be3 d5 9. e5 Ng4 10. Bd2 dxc4 11. dxc4 Nh6 12. Qe2 Nf5 13. g4 Nfd4 14. Qg2 Nxc2 15. Rad1 N2d4 16. Nxd4 Qxd4+ 17. Qf2 Qxc4 18. Ne2 b6 19. g5 Ba6 20. Rfe1 Rad8 21. Rc1 Qxa2 22. Rc2 Qb3 23. Rec1 Nb4 24. Rc3 Qxb2 25. Rh3 Rd3 26. Be3 Rxe3 27. Qxe3 Qxe2 28. Qg3 Qd2 29. Qh4 Qxc1+ 30. Kg2 Bb7+ 31. Kf2 Qd2+ 32. Kg1 Qg2# 0-1